ბათუმის შოთა რუსთაველის სახელმწიფო უნივერსიტეტის ბიბლიოთეკა

გეგმა სოციალისტური საწარმოს ცხოვრების კანონია / (ბიბ.ჩანაწერი № 63635)

000 -ლიდერი
ფიქსირებული სიგრძის საკონტროლო ველი 00927nam a22001817a 4500
003 - საკონტროლო ნომრის იდენტიფიკატორი
საკონტროლო ველი Ge_BSU
005 - ბოლო ოპერაციის თარიღი და დრო
საკონტროლო ველი 20251119203014.0
008 - ფიქსირებული სიგრძის მონაცემთა ელემენტები - ზოგადი ინფორმაცია
ფიქსირებული სიგრძის საკონტროლო ველი 251119s1961 ge ||||| |||| 00| 0 geo d
041 ## - ენის კოდი
Language code of text/sound track or separate title geo
080 ## - უნივერსალური ათობითი კლასიფიკაციის ინდექსი
Universal Decimal Classification number 338.26 : 658.51 ტ-55
100 ## - მთავარი ჩანაწერი - პიროვნების სახელი
Personal name ტიაპკინი, ნ.
9 (RLIN) 26279
245 ## - ცნობა სათაურის შესახებ
Title გეგმა სოციალისტური საწარმოს ცხოვრების კანონია /
Statement of responsibility, etc ნ. ტიაპკინი; ლ.ა. ლეონტიევის საერთო რედაქციით.
264 ## - წარმოების, გამოცემის, დისტრიბუციის და სხვა ცნობები
გამოცემის, წარმოების, დისტრიბუციის... ადგილი თბ. :
გამოცემის, წარმოების, დისტრიბუციის... სახელწოდება საბჭ. საქართველო,
გამოცემის, წარმოების, დისტრიბუციის... თარიღი 1961.
300 ## - ფიზიკური აღწერა
Extent 35 გვ. ;
Other physical details 19 სმ.
490 ## - სერიის ცნობა
Series statement ეკონომიკური ცოდნის საფუძვლები - ყოველ მუშას
653 ## - INDEX TERM--UNCONTROLLED
Uncontrolled term სახალხო მეურნეობის დაგეგმვა.
942 ## - ADDED ENTRY ELEMENTS (KOHA)
Source of classification or shelving scheme
Koha item type წიგნი
ეგზემპლარები
ჩამოწერის სტატუსი დაკარგული ეგზემპლარის სტატუსი კლასიფიკაციის წყარო ან თაროზე გაწყობის სქემა დაზიანების სტატუსი არ გაიცემა მუდმივი მდებარეობა (დაცვის ადგილი) ამჟამინდელი ადგილსამყოფელი თაროზე განთავსების ადგილი შეძენის თარიღი ღირებულება, შესყიდვის ნორმალური ფასი სრული შენახვის შიფრი შტრიხკოდი ბოლო ოპერაციის თარიღი ეგზემპლარის მიმდევრობითი ნომერი (კეტერი?) ფასის ძალაში შესვლის თარიღი ეგზემპლარის სახეობა საჯარო შენიშვნა
          ბათუმის შოთა რუსთაველის სახელმწიფო უნივერსიტეტის მთავარი ბიბლიოთეკა ბათუმის შოთა რუსთაველის სახელმწიფო უნივერსიტეტის მთავარი ბიბლიოთეკა წიგნსაცავი 2025-11-19 0.15 338.26 : 658.51 ტ-55 73135 2025-11-19 73135 2025-11-19 წიგნი 0.15 თ.